00884cam a22002657a 4500003000500000005001700005008004100022010000900063011000900072035000900081040000900090082001400099100002400113245011600137260005800253300001100311490003500322500001000357650005300367650004200420650004400462650004500506700003200551830003500583CHAP20220329133327.0971013s1991 r 00010 d a4957 a5929 a5145 cCHAP a382.1bE800aEstay Reyno, Jaime.14aLas relaciones comerciales de Estados Unidos con América Latina y México durante la década de los ochenta aMéxico, D. F. :bFundación Friedrich Ebert,c1991 a156 p. 0aEconomics. Working paperv; 35 a55-8814aE.U.A.xRelaciones exterioresxAmérica Latina.14aEmpresas comerciales internacionales.14aMéxicoxRelaciones exterioresxE.U.A.14aRelaciones económicas internacionales.0 aRivera de la Rosa, Jesús.0 aEconomics. Working paperv; 35